| Tag |
First Indicator |
Second Indicator |
Subfields |
| LEADER |
00000cam a2200000 a 4500 |
| 001 |
in00000077110 |
| 005 |
20151008060532.0 |
| 008 |
811218s1980 onca b 00110 eng |
| 010 |
|
|
|a 81116174
|
| 015 |
|
|
|a C***
|
| 020 |
|
|
|a 0802054994
|
| 035 |
|
|
|a (OCoLC)08169324
|
| 035 |
|
|
|9 AAJ5974AM
|
| 039 |
0 |
|
|a 2
|b 3
|c 3
|d 3
|e 3
|
| 040 |
|
|
|a DLC
|c DLC
|d TXA
|d UtOrBLW
|
| 043 |
|
|
|a n-cnp--
|a n-cn-bc
|
| 049 |
|
|
|a TXAM
|c [1387541]
|
| 050 |
0 |
0 |
|a SB935.C37
|b R53
|
| 082 |
0 |
|
|a 595.7/09712
|2 19
|
| 100 |
1 |
|
|a Riegert, Paul William,
|d 1923-
|
| 245 |
1 |
0 |
|a From arsenic to DDT :
|b a history of entomology in western Canada /
|c Paul W. Riegert.
|
| 264 |
|
1 |
|a Toronto ;
|a Buffalo :
|b University of Toronto Press,
|c [1980]
|
| 264 |
|
4 |
|c ©1980
|
| 300 |
|
|
|a xii, 357 pages :
|b illustrations ;
|c 24 cm.
|
| 336 |
|
|
|a text
|b txt
|2 rdacontent
|
| 337 |
|
|
|a unmediated
|b n
|2 rdamedia
|
| 338 |
|
|
|a volume
|b nc
|2 rdacarrier
|
| 504 |
|
|
|a Includes bibliographical references and index.
|
| 650 |
|
0 |
|a Insect pests
|z Prairie Provinces
|x History.
|
| 650 |
|
0 |
|a Insect pests
|z British Columbia
|x History.
|
| 650 |
|
0 |
|a Entomology
|z Prairie Provinces
|x History.
|
| 650 |
|
0 |
|a Entomology
|z British Columbia
|x History.
|
| 650 |
|
0 |
|a Insect pests
|x Control
|z Prairie Provinces
|x History.
|
| 650 |
|
0 |
|a Insect pests
|x Control
|z British Columbia
|x History.
|
| 999 |
|
|
|a MARS
|
| 999 |
f |
f |
|s ad33723f-97e4-31ef-88f7-b3a91230aca6
|i 481650a1-508a-3ae9-bf3b-ac1febd9c110
|t 0
|
| 952 |
f |
f |
|p ric
|a Texas A&M University
|b Rellis Campus
|c Joint Library Facility
|d Remote Storage
|t 0
|e SB935.C37 R53
|h Library of Congress classification
|i unmediated -- volume
|m A14806237068
|
| 998 |
f |
f |
|a SB935.C37 R53
|t 0
|l Remote Storage
|